000 00819nam a22002537a 4500
001 3080
003 BD-DhBUF
005 20260518162158.0
008 260518b bg ||||| |||| 00| 0 ben d
020 _a9789361596124
040 _aBD-DhBUF
_cBD-DhBUF
100 _a Bamford, Charles E
_94415
245 _aStrategic management and business policy :
_bglobalization, innovation and sustainability /
_c Charles E Bamford, Alan N. Hoffman, Purva Kansal, Thomas L. Wheelen, J. David Hunger,
260 _aIndia :
_bPearson,
_cC 2025.
300 _axxxii, 570p. :
_c25cm .;
526 _aBBA
650 _2 Business
650 _a Management
700 _aHoffman, Alan N.
_94416
700 _a Kansal, Purva
_94417
700 _aWheelen, Thomas L.
_94418
700 _aHunger, J. David
_94419
942 _2ddc
_cBK
999 _c3080
_d3080